000 00957nam a2200241 u 4500
001 000031443
005 20200930062931.0
008 090706s1955 dr r 000 0 spa d
040 _aDO-SdBNP
_bspa
_cBNPHU
082 _a972.9304
_bP448c
100 1 _aPerkins, Dexter
_99345
245 1 3 _aLa cuestión de Santo Domingo 1849-1865 /
_cDexter, Perkins/traduccida por George L. Lockward y Enrique Ap. Henríquez.
260 _aCiudad Trujillo, República Dominicana :
_bMontalvo,
_c1955.
300 _a434 p. ;
_c21 cm.
500 _aIncluye referencia bibliográficas y notas al pie de páginas
500 _aTraducción del quinto capítulo la famosa monografía The Monroe Doctrine, 1826-1867
650 4 _aDoctrina de moroe
_957848
651 4 _aRepública Dominicana
_xHistoria
_9170
700 1 2 _aLockward, George L.
_etrad.
_957849
700 1 2 _aHenríquez, Enrique Ap.
_etrad.
_957850
910 _aValidado. Control de calidad MFF
049 _aBNPD
999 _c30935
_d30935